MARC

LEADER 00000nam0a2200000 4500
001 239848
005 20231101231712.0
035 |a (RuTPU)RU\TPU\book\261075 
090 |a 239848 
100 |a 20130615d1902 m y0rusy50 ca 
101 0 |a rus 
102 |a RU 
105 |a a z 000zy 
200 1 |a Детали машин  |e атлас чертежей  |f П. Е. Первов  |g Томский технологический институт (ТТИ) 
210 |a Томск  |c Типо-литография М. Н. Кононова  |d 1902 
215 |a 19 л.  |c черт. 
316 |5 63413507: 82//517  |a На обороте 20 листа владельческая подпись А. Сабек 
316 |5 63413507: 82//517  |a Нет титульного листа, чертежей с 11 по 19 
317 |5 63413507: 82//517  |a Поступил в НТБ в 1910 г. в составе книжного собрания профессора ТТИ А. Э. Сабека 
606 1 |a Детали машин  |2 stltpush  |3 (RuTPU)RU\TPU\subj\9144  |9 36422 
610 1 |a чертежи 
610 1 |a атласы 
610 1 |a машиностроение 
610 1 |a детали 
610 1 |a изготовление 
610 1 |a расчеты 
610 1 |a конструкции 
610 1 |a труды учёных ТПУ 
610 1 |a Коллекция А. Э. Сабека 
610 1 |a владельческие подписи 
675 |a 621.81  |v 3 
700 1 |a Первов  |b П. Е.  |c инженер-механик  |c преподаватель ТТИ в 1901-1904  |f 1867-1905  |g Павел Ефимович  |2 stltpush  |3 (RuTPU)RU\TPU\pers\23345  |9 10125 
712 0 2 |a Томский технологический институт (ТТИ)  |c (1896-1923)  |2 stltpush  |3 (RuTPU)RU\TPU\col\9244 
801 1 |a RU  |b 63413507  |c 20130615 
801 2 |a RU  |b 63413507  |c 20220824  |g RCR 
942 |c BK